Movies Quiz

Random Movies or Actor Quiz

Alan Rickman Movie Slideshow Quiz Stats

 Plays Quiz Updated Jan 14, 2016

Score 0/28 Timer 06:00
0 Plays Today
% Correct
Die Hard (1988)
91.7%
Sweeney Todd: The Demon Barber of Fleet Street (2007)
69.4%
Harry Potter and the Philosopher's/Sorcerer's Stone (2001)
67.8%
Harry Potter and the Goblet of Fire (2005)
67.1%
Harry Potter and the Chamber of Secrets (2003)
65.9%
Harry Potter and the Prisoner of Azkaban (2004)
64.9%
Harry Potter and the Deathly Hallows: Part 2 (2011)
62.1%
Harry Potter and the Half-Blood Prince (2009)
62.1%
Alice in Wonderland (2010)
61.6%
Harry Potter and the Order of the Phoenix (2007)
61.3%
Galaxy Quest (1999)
59%
Robin Hood: Prince of Thieves (1991)
57.1%
Love Actually (2003)
50.8%
Dogma (1999)
48.5%
% Correct
The Hitchhiker's Guide to the Galaxy (2005)
46.6%
Sense and Sensibility (1995)
38.2%
Lee Daniels' The Butler (2013)
17.9%
Truly, Madly, Deeply (1990)
13.9%
Quigley Down Under (1990)
13%
Michael Collins (1996)
10.1%
Bottle Shock (2008)
9.2%
A Little Chaos (2014)
5.3%
CBGB (2013)
4.8%
The January Man (1989)
4.8%
Snow Cake (2006)
4.3%
Bob Roberts (1992)
3.5%
Gambit (2012)
3.5%
Nobel Son (2007)
2.7%

You're not logged in!

Compare scores with friends on all Sporcle quizzes.
OR
Log In

Sporcle TV

Today on Sporcle TV


Watch our educational content, quiz creation guides, and fun videos on Sporcle TV.

Show Comments

Extras

Top Quizzes Today


Score Distribution

Your Account Isn't Verified!

In order to create a playlist on Sporcle, you need to verify the email address you used during registration. Go to your Sporcle Settings to finish the process.

Report this User

Report this user for behavior that violates our Community Guidelines.

Details: